Estudios acerca de la evolución del derecho privado / (Record no. 45444)

MARC details
000 -LEADER
campo de control de longitud fija 00680nam a2200193 i 4500
001 - NÚMERO DE CONTROL
campo de control 45444
003 - IDENTIFICADOR DE NÚMERO DE CONTROL
campo de control ES-MaACL
005 - FECHA Y HORA DE LA ÚLTIMA TRANSACCIÓN
campo de control 20251108164633.0
007 - CAMPO FIJO DE DESCRIPCIÓN FÍSICA--INFORMACIÓN GENERAL
campo de control de longitud fija t|
008 - DATOS DE LONGITUD FIJA--INFORMACIÓN GENERAL
campo de control de longitud fija 030326s1898 sp ||||1| spa d
100 1# - ENTRADA PRINCIPAL--NOMBRE DE PERSONA
Nombre de persona Cogliolo, Pietro.
9 (RLIN) 39474
245 10 - MENCIÓN DEL TÍTULO
Título Estudios acerca de la evolución del derecho privado /
Mención de responsabilidad, etc. por Pedro Cogliolo ; con un prólogo y notas de Rafael de Ureña y Smenjaud.
260 ## - PUBLICACIÓN, DISTRIBUCIÓN, ETC.
Lugar de publicación, distribución, etc. Madrid :
Nombre del editor, distribuidor, etc. [s.n.,
Fecha de publicación, distribución, etc. 1898] (
Fabricante Viuda de M. Minuesa de los Ríos)
300 ## - DESCRIPCIÓN FÍSICA
Extensión 213 p. ;
Dimensiones 23 cm.
650 07 - PUNTO DE ACCESO ADICIONAL DE MATERIA--TÉRMINO DE MATERIA
Término de materia o nombre geográfico como elemento de entrada Derecho civil
Fuente del encabezamiento o término embne
9 (RLIN) 11656
700 1# - ENTRADA AGREGADA--NOMBRE PERSONAL
Nombre de persona Ureña y Smenjaud, Rafael de,
Fechas asociadas al nombre 1852-1930
9 (RLIN) 112127
852 ## - LOCALIZACIÓN
Ubicación ES-MaACL
Número de control de estantería F-14600
Holdings
Estatus retirado Estado de pérdida Estado de daño No para préstamo Colección Biblioteca de origen Biblioteca actual Ubicación en estantería Fecha de adquisición Fuente de adquisición Total de préstamos Signatura topográfica completa Código de barras Visto por última vez Precio de reemplazo Tipo de ítem Koha
        Libros del s. XIX Biblioteca del Ateneo de Madrid Biblioteca del Ateneo de Madrid Sala Pecera Planta 2 17/01/2008     F-14600 1047817 23/02/2023 23/02/2023 Libro impreso antiguo